000 00635nam a22002297a 4500
003 UA-OsUOA
001 25083
007 ta
008 20040312b un ||||| |||| 00| 0 ukr d
090 _a347.73(477)
_bП57
942 _cBK
040 _aUA-OsUOA
_bukr
_cUA-OsUOA
_dUA-OsUOA
245 _aПодаткове право України
_bНавч.-методичний посібник
_cРед. В.Б.Ковальчук
300 _a216 с.
955 _a0
041 _aukr
080 _a347.73(477)
260 _aОстрог
_bОстрозька Академія
_c1999
044 _aUA
650 7 _2UDC
999 _c311374
_d311374